Every Insane Tower in Eternal Towers of Hell - Statistics

General Stats
  • This quiz has been taken 48 times
    27 since last reset
  • The average score is 16 of 20
Answer Stats
Area Tower % Correct
Ring 1 {Thanos} Tower
100%
Ring 3 Tower of {Confusion}
100%
Ring 2 Tower of {Difficulty Chart}
100%
Zone 1 Tower of {Thinning Layers}
100%
Lost River Tower of {Unsettling Heights}
100%
Ring 9 Tower of {Curved Ascent}
90%
Ring 9 Tower of {High Adrenaline}
90%
Forgotten Ridge Tower of {Mind Breaking}
90%
Zone 5 Tower of {Polychromatic Zero}
90%
Zone 2 Tower of {Double Trouble}
80%
Ring 7 Tower of {Extreme Hell}
80%
Ring 5 Tower of {Icy Blizzards}
80%
Ring 9 Tower of {Bent Trauma}
70%
Zone 10 Tower of {Rain on My World}
70%
Zone 10 Tower of {Tee Hee Time}
70%
Zone 4 Tower of {Inevitable Failure}
60%
Zone 8 Tower of {Rough Endoplasmic Reticulum}
60%
Ring 4 Tower of {Vivid Sections}
60%
Zone 9 Tower of {Hollow Reformations}
50%
Steelspire Horizon Tower of {Speeding Right Through}
50%
No matching quizzes found
Score Distribution
Percent of People with Each Score
Percentile by Number Answered
Your Score History
You have not taken this quiz since the last reset